| 000 | 004550000a22001930004500 | ||
|---|---|---|---|
| 003 | LK-CoMWRAF | ||
| 005 | 20230926115938.0 | ||
| 008 | 230817t ||||| |||| 00| 0 eng d | ||
| 020 | _a0948196092 | ||
| 040 |
_aLK-CoMWRAF _dLK-CoMWRAF _eLK-CoMWRAF |
||
| 041 | _aeng | ||
| 082 |
_a297 _bHAM |
||
| 100 | _aHamid, Abdul Wahid | ||
| 245 |
_aIslam : _bThe natural way |
||
| 260 |
_aLondon : _bMELS, _c1989 |
||
| 300 | _a195p | ||
| 650 | _aIslam | ||
| 942 | _cBK | ||
| 999 |
_c126 _d126 |
||